00487nam a2200181 a 4500001001300000003000900013005001700022008004100039020002300080082001500103100001600118245007000134260002500204300000900229500003500238650001600273700001600289nice12345678IN_TiNIC20260116015402.0150305s2010 dela grp 000 0 eng  a9788184651041c16500a231.3bJEO aJeong, Sung aFullness of the Holy Spiritb Introducince Christian Spirituality aDelhi bISPCK c2010 a150  aincludes index and biblioraphy aHoly Spirit1 aJeong, Sung